Statistics for 10 Most Populated Cities In A Country Beginning With 'J'

Click here to take the quiz!

General Stats

  • This quiz has been taken 13 times
  • The average score is 7 of 10

Answer Stats

PopAnswer% Correct
34.4 MillionTokyo
100%
1.4 MillionKyoto
92%
2.5 MillionAmman
83%
17.2 MillionOsaka
83%
9.2 MillionNagoya
75%
2.1 MillionSapporo
75%
3.7 MillionYokohama
75%
1.5 MillionKobe
50%
2.2 MillionFukuoka
42%
1.3 MillionKawasaki
17%

Score Distribution

Percentile by Number Answered

Percent of People with Each Score

Your Score History

You have not taken this quiz